Estudio de ramas industriales: Mineria no Metálica

Bibliographic Details
Main Author: Nicaragua. Fondo para pequeños proyectos.
Format: Section = Libro
Language:Undetermined
Spanish
Published: Managua MARENA 2004
Subjects:
LEADER 00522nam a2200181Ia 4500
008 240830s9999 xx 000 0 und d
040 |a B-ESTELÍ- RUACS / Ref 363.731 N583mi 
041 |a spa 
082 |a Ref 363.731 N583mi 
100 1 |a Nicaragua. Fondo para pequeños proyectos. 
245 1 0 |a Estudio de ramas industriales: Mineria no Metálica 
260 |a Managua  |b MARENA  |c 2004 
300 |a 113 p.: il 
650 7 |a MINERIA NO METALICA 
650 7 |b  IMPACTO AMBIENTAL 
942 |c BK  |2 ddc 
991 |a TEXTO 
999 |c 11731